000 01268cam a2200133 4500500
005 20260329064646.0
041 _afre
042 _adc
100 1 0 _aTerrasa, Jacques
_eauthor
245 0 0 _aL'analyse du texte et de l'image en espagnol
260 _bArmand Colin,
_c2021.
520 _aComment analyser un poème, un texte narratif, un article de presse, un extrait de pièce de théâtre ? Quels outils méthodologiques utiliser pour commenter un tableau, une photographie, une séquence filmique, une publicité ? Les étudiants et les jeunes professeurs trouveront dans cet ouvrage une méthode riche et précise dans les deux langues ainsi que des études de textes et d’œuvres iconographiques. D’un sonnet de Quevedo à un extrait de roman de Javier Marías, d’une peinture sur bois de Goya à une photographie de Graciela Iturbide ou une séquence d’un film d’Almodóvar, les 15 analyses de documents proposées offrent des exemples d’application de la méthodologie exposée ainsi qu’un panorama vaste et représentatif de la culture espagnole et hispano-américaine du XVIIe siècle à nos jours.
856 4 1 _uhttps://shs.cairn.info/l-analyse-du-texte-et-de-l-image-en-espagnol--9782200628130?lang=fr&redirect-ssocas=7080
999 _c2016490
_d2016490